000 00543nam a22001817a 4500
005 20260225090323.0
008 260225b |||||||| |||| 00| 0 eng d
020 _a978-1-5994-1935-0
100 _aISSACHAROFF SAMUEL
245 _aTHE LAW OF DEMOCRACY: LEGAL STRUCTURE OF THE POLITICAL PROCESS
250 _a4TH EDITION
260 _aNEW YORK
_bTHOMSON REUTERS
_c2012
300 _aXXXIX,1390P.
500 _aINCLUDES AN INDEX
650 _aDEMOCRACY- UNITED STATES
700 _aPAMELA S. KARLAN, RICHARD H. PILDES
942 _2lcc
_cBK
999 _c216625
_d216625